|
|
|
|
| LEADER |
01053cam a22002771 4500 |
| 001 |
0004531 |
| 003 |
BD-DhAAL |
| 005 |
20250810105454.0 |
| 008 |
130730s1958 mau 001 0 eng d |
| 010 |
|
|
|a 58008512
|
| 040 |
|
|
|a DLC
|c DLC
|d DLC
|d BD-DhAAL
|
| 050 |
0 |
0 |
|a HB171
|b .G14
|
| 082 |
0 |
0 |
|a 330.973
|
| 100 |
1 |
|
|a Galbraith, John Kenneth,
|d 1908-2006.
|9 2431
|
| 245 |
1 |
4 |
|a The affluent society /
|c John Kenneth Galbraith.
|
| 260 |
|
|
|a Boston,
|b Houghton Mifflin,
|c c1958.
|
| 300 |
|
|
|a x, 286 p.
|c 18 cm.
|
| 500 |
|
|
|a Includes index.
|
| 541 |
|
|
|e 4531
|
| 650 |
|
0 |
|a Economics
|z United States
|x History.
|9 2432
|
| 651 |
|
0 |
|a United States
|x Economic conditions
|y 1945-
|9 2433
|
| 651 |
|
0 |
|a United States
|x Economic policy.
|9 2434
|
| 852 |
|
|
|a Ayesha Abed Library
|c General Stacks
|
| 942 |
|
|
|2 ddc
|c BK
|
| 999 |
|
|
|c 13774
|d 13774
|
| 952 |
|
|
|0 0
|1 0
|2 ddc
|4 1
|6 330_973000000000000_GAL
|7 0
|9 23038
|a BRACUL
|b BRACUL
|d 2013-07-30
|g 0.00
|l 0
|o 330.973 GAL
|p 3010004531
|r 2013-07-30
|t 1
|w 2013-07-30
|y BK
|z Not price in Register
|x Koha Inventory 2020 ; Permanently damaged and unrepairable.
|